000 00994nam a2200241 i 4500
001 183028
003 ES-MaACL
005 20251019063057.0
008 140114s2003 bl |||| | spa d
020 _a85-7440-063-7
100 1 _aMistral, Gabriela,
_d1889-1957
_9242376
245 1 0 _aGabriela Mistral y Cecília Meireles /
_censayos de Cecília Meireles y Adriana Valdés ; poemas traducidos por Patricia Tejeda.
260 _aRio de Janeiro :
_bAcademia Brasileira de Letras ;
_aSantiago de Chile :
_bAcademia Chilena de la Lengua,
_c2003.
300 _a195 p. ;
_c22 cm.
500 _aTextos en castellano y portugués.
700 1 _aMeireles, Cecília,
_d1901-1964
_9154141
700 1 _aValdés, Adriana.
_9154142
700 1 _aTejeda, Patricia.
_9154143
852 _aES-MaACL
_jA-12969
_9189961
_bR.149801
_cDEPO1
_dOlim: N-5969
_xDonación: Real Academia Española
914 _96336
_aReal Academia Española
_ednr
942 _2udc
_cMONOGRAFIA
999 _c183028
_d183028